[Event "Muensterland Verbandsliga 0809"]
[Site "Germany"]
[Date "2009.01.10"]
[Round "5.3"]
[White "Henneberger, Sven"]
[Black "Weber, Hubert"]
[Result "1/2-1/2"]
[WhiteElo "2133"]
[BlackElo "2078"]
[PlyCount "60"]
[EventDate "2008.09.20"]
[EventType "team-tourn"]
[EventRounds "9"]
[EventCountry "GER"]
[SourceTitle "EXT 2010"]
[Source "ChessBase"]
[SourceDate "2010.11.25"]
[SourceVersion "1"]
[SourceVersionDate "2010.11.25"]
[SourceQuality "1"]
[WhiteTeam "Rheine Klein Berlin"]
[BlackTeam "Olfen"]
[WhiteTeamCountry "GER"]
[BlackTeamCountry "GER"]

1. Nf3 Nf6 2. d4 d6 3. e3 g6 4. b3 Bg7 5. Bb2 0-0 6. g3 c6 7. Bg2 Bf5 8. 0-0 a5 9. a3 Nbd7 10. Nh4 Be6 11. Qd3 a4 12. f4 axb3 13. cxb3 Qb6 14. Nd2 Ng4 15. h3 Nh6 16. Kh2 f5 17. Nhf3 Nf7 18. Rab1 Nf6 19. Ng5 Nxg5 20. fxg5 Nd5 21. e4 fxe4 22. Bxe4 Nc7 23. Rbe1 Rxf1 24. Rxf1 Bf7 25. Bg2 Qa6 26. Qe3 Re8 27. a4 Nd5 28. Qf2 Rf8 29. Qe1 Re8 30. Qf2 Rf8 1/2-1/2

[Event "Muensterland Verbandsliga 0708"]
[Site "Germany"]
[Date "2008.04.05"]
[Round "8.2"]
[White "Gscheidmeyer, Hans Jochen"]
[Black "Henneberger, Sven"]
[Result "1/2-1/2"]
[WhiteElo "2172"]
[BlackElo "2133"]
[PlyCount "64"]
[EventDate "2007.09.08"]
[EventType "team"]
[EventRounds "9"]
[EventCountry "GER"]
[SourceTitle "EXT 2009"]
[Source "ChessBase"]
[SourceDate "2008.11.26"]
[SourceVersion "1"]
[SourceVersionDate "2008.11.26"]
[SourceQuality "1"]
[WhiteTeam "Heiden"]
[BlackTeam "Rheine Klein Berlin"]
[WhiteTeamCountry "GER"]
[BlackTeamCountry "GER"]

1. Nf3 Nf6 2. c4 c5 3. Nc3 d5 4. cxd5 Nxd5 5. d4 cxd4 6. Qxd4 Nxc3 7. Qxc3 Nc6 8. e4 Bg4 9. Bb5 Rc8 10. 0-0 a6 11. Ba4 Bxf3 12. Qxf3 Qa5 13. Bb3 e6 14. Rd1 Be7 15. Bd2 Bb4 16. Bf4 0-0 17. Qg3 Rfd8 18. Rxd8+ Qxd8 19. Rd1 Qb6 20. h3 Rd8 21. Be3 Rxd1+ 22. Bxd1 Qd8 23. Be2 g6 24. Bf1 Bd2 25. Bc5 b6 26. Bd6 b5 27. a3 Bh6 28. Qd3 Bg7 29. b3 Be5 30. Bc5 Qxd3 31. Bxd3 Nd4 32. Bxd4 Bxd4 1/2-1/2

[Event "Muensterland Verbandsliga 0708"]
[Site "Germany"]
[Date "2008.03.01"]
[Round "7.2"]
[White "Henneberger, Sven"]
[Black "Althoff, Franz"]
[Result "1/2-1/2"]
[WhiteElo "2133"]
[BlackElo "2149"]
[PlyCount "77"]
[EventDate "2007.09.08"]
[EventType "team"]
[EventRounds "9"]
[EventCountry "GER"]
[SourceTitle "EXT 2009"]
[Source "ChessBase"]
[SourceDate "2008.11.26"]
[SourceVersion "1"]
[SourceVersionDate "2008.11.26"]
[SourceQuality "1"]
[WhiteTeam "Rheine Klein Berlin"]
[BlackTeam "Westbevern"]
[WhiteTeamCountry "GER"]
[BlackTeamCountry "GER"]

1. d4 Nf6 2. Nf3 e6 3. e3 d5 4. Bd3 c5 5. b3 Nc6 6. Bb2 Bd6 7. Nbd2 0-0 8. 0-0 b6 9. Ne5 Nb4 10. f4 Nxd3 11. cxd3 Nd7 12. dxc5 bxc5 13. e4 Bxe5 14. fxe5 d4 15. Nf3 a5 16. Bc1 Qc7 17. Bg5 f6 18. exf6 Nxf6 19. Nh4 Ra7 20. Rc1 Qd6 21. Bxf6 Rxf6 22. Qh5 Rxf1+ 23. Rxf1 Qe7 24. Nf3 Bd7 25. Qe5 h6 26. Rc1 Bb5 27. Rxc5 Bxd3 28. Qxd4 Rd7 29. Qe5 Be2 30. Nd4 Bg4 31. h3 Qh4 32. Rc1 Qf6 33. Nc6 Qxe5 34. Nxe5 Rd1+ 35. Rxd1 Bxd1 36. Kf2 a4 37. bxa4 Bxa4 38. Ke3 g5 39. Nd3 1/2-1/2

[Event "Muensterland Verbandsliga 0607"]
[Site "Germany"]
[Date "2007.05.05"]
[Round "9.3"]
[White "Henneberger, Sven"]
[Black "Hollermann, Thomas"]
[Result "1/2-1/2"]
[WhiteElo "2133"]
[BlackElo "2261"]
[PlyCount "87"]
[EventDate "2006.09.16"]
[EventType "team"]
[EventRounds "9"]
[EventCountry "GER"]
[SourceTitle "EXT 2008"]
[Source "ChessBase"]
[SourceDate "2007.11.25"]
[SourceVersion "1"]
[SourceVersionDate "2007.11.25"]
[SourceQuality "1"]
[WhiteTeam "Rheine Klein Berlin"]
[BlackTeam "Neuenkirchen"]
[WhiteTeamCountry "GER"]
[BlackTeamCountry "GER"]

1. e4 c6 2. d4 g6 3. c4 Bg7 4. Nc3 d6 5. Be3 a6 6. a4 Qa5 7. Ra3 Nh6 8. f3 f5 9. Qd2 Nf7 10. Bd3 0-0 11. Nge2 e5 12. d5 f4 13. Bf2 c5 14. Na2 Qd8 15. a5 g5 16. g4 fxg3 17. hxg3 g4 18. f4 b5 19. axb6 Nd7 20. b4 Rb8 21. Rh4 Re8 22. Rxg4 Nf6 23. Rxg7+ Kxg7 24. bxc5 dxc5 25. Bxc5 Nd6 26. fxe5 Nfxe4 27. Bxe4 Nxe4 28. Qd4 Bf5 29. Re3 Nxc5 30. Qxc5 Rxb6 31. Nac3 Rh6 32. Kd2 Qb8 33. Qa3 Rxe5 34. Nd4 Rh2+ 35. Nce2 Rh5 36. Qc3 Kg8 37. Nc6 Rxe3 38. Kxe3 Qe8+ 39. Kd2 Rh2 40. Qf3 Bg6 41. Qg4 Rf2 42. Ncd4 Qd8 43. Qe6+ Bf7 44. Qxa6 1/2-1/2

[Event "Muensterland Verbandsliga 0607"]
[Site "Germany"]
[Date "2006.11.25"]
[Round "3.3"]
[White "Kolakovic, Klaudio"]
[Black "Henneberger, Sven"]
[Result "1-0"]
[WhiteElo "2043"]
[BlackElo "2133"]
[PlyCount "37"]
[EventDate "2006.09.16"]
[EventType "team"]
[EventRounds "9"]
[EventCountry "GER"]
[SourceTitle "EXT 2008"]
[Source "ChessBase"]
[SourceDate "2007.11.25"]
[SourceVersion "1"]
[SourceVersionDate "2007.11.25"]
[SourceQuality "1"]
[WhiteTeam "Stadtlohn"]
[BlackTeam "Rheine Klein Berlin"]
[WhiteTeamCountry "GER"]
[BlackTeamCountry "GER"]

1. d4 Nf6 2. Nc3 c5 3. d5 e6 4. e4 e5 5. f4 exf4 6. e5 Ng8 7. Bxf4 d6 8. Bb5+ Bd7 9. Qe2 Qe7 10. e6 fxe6 11. dxe6 Bc6 12. 0-0-0 Qf6 13. Nd5 Qd8 14. Nh3 a6 15. Bd3 Qa5 16. Bg5 Ne7 17. Bxe7 Bxd5 18. Bxf8 Kxf8 19. Qf2+ 1-0

[Event "Muensterland Verbandsliga 0506"]
[Site "Germany"]
[Date "2006.03.11"]
[Round "8.3"]
[White "Hunold, Rolf"]
[Black "Henneberger, Sven"]
[Result "0-1"]
[WhiteElo "2116"]
[BlackElo "2133"]
[PlyCount "58"]
[EventDate "2005.08.27"]
[EventType "team"]
[EventRounds "9"]
[EventCountry "GER"]
[SourceTitle "EXT 2006"]
[Source "ChessBase"]
[SourceDate "2005.11.24"]
[SourceVersion "1"]
[SourceVersionDate "2005.11.24"]
[SourceQuality "1"]
[WhiteTeam "Gronau"]
[BlackTeam "Rheine Klein Berlin"]
[WhiteTeamCountry "GER"]
[BlackTeamCountry "GER"]

1. e4 e6 2. d4 d5 3. Nd2 Nf6 4. e5 Nfd7 5. Bd3 c5 6. c3 Nc6 7. Ne2 cxd4 8. cxd4 f6 9. exf6 Qxf6 10. Nf3 h6 11. a3 Bd6 12. b4 0-0 13. 0-0 e5 14. Qb3 Qe6 15. dxe5 Ndxe5 16. Nxe5 Nxe5 17. Nd4 Qf7 18. Be2 Nc4 19. Ra2 Bd7 20. Qf3 Be5 21. Rd1 Ba4 22. Rd3 Bf6 23. Qg4 Ne5 24. Qg3 Nxd3 25. Nf5 Bg5 26. Bxd3 Bxc1 27. f4 Qf6 28. Re2 Rae8 29. Re5 Bxf4 0-1

[Event "Muensterland Verbandsliga 0506"]
[Site "Germany"]
[Date "2005.10.22"]
[Round "3.3"]
[White "Babar, Michael"]
[Black "Henneberger, Sven"]
[Result "1/2-1/2"]
[WhiteElo "2190"]
[BlackElo "2133"]
[PlyCount "24"]
[EventDate "2005.08.27"]
[EventType "team"]
[EventRounds "9"]
[EventCountry "GER"]
[SourceTitle "EXT 2006"]
[Source "ChessBase"]
[SourceDate "2005.11.24"]
[SourceVersion "1"]
[SourceVersionDate "2005.11.24"]
[SourceQuality "1"]
[WhiteTeam "Muenster II"]
[BlackTeam "Rheine Klein Berlin"]
[WhiteTeamCountry "GER"]
[BlackTeamCountry "GER"]

1. c4 Nf6 2. Nc3 c5 3. Nf3 d5 4. cxd5 Nxd5 5. g3 Nc6 6. Bg2 Nc7 7. 0-0 e5 8. d3 Be7 9. Bd2 0-0 10. Rc1 Be6 11. Qa4 f5 12. Ne1 b5 1/2-1/2